<?xml version="1.0" encoding="UTF-8"?>
<marc:record xmlns:marc="http://www.loc.gov/MARC21/slim">
   <marc:leader>00000nam a2200000 a 4500</marc:leader>
   <marc:datafield ind1="1" ind2=" " tag="100">
      <marc:subfield code="a">Martín Gijón, Mario</marc:subfield>
      <marc:subfield code="4">aut</marc:subfield>
      <marc:subfield code="e">Verfasser/-in</marc:subfield>
   </marc:datafield>
   <marc:datafield ind1=" " ind2=" " tag="653">
      <marc:subfield code="a">Spanisch</marc:subfield>
   </marc:datafield>
   <marc:datafield ind1=" " ind2=" " tag="653">
      <marc:subfield code="a">Grundwortschatz</marc:subfield>
   </marc:datafield>
   <marc:datafield ind1=" " ind2=" " tag="653">
      <marc:subfield code="a">Lernen/Erwachsenenbildung</marc:subfield>
   </marc:datafield>
   <marc:datafield ind1=" " ind2=" " tag="653">
      <marc:subfield code="a">Volkshochschule</marc:subfield>
   </marc:datafield>
   <marc:datafield ind1=" " ind2=" " tag="653">
      <marc:subfield code="a">Aufgabensammlung</marc:subfield>
   </marc:datafield>
   <marc:datafield ind1="0" ind2="0" tag="245">
      <marc:subfield code="a">En las garras del tigre</marc:subfield>
   </marc:datafield>
   <marc:datafield ind1="0" ind2="0" tag="245">
      <marc:subfield code="b">Lernziel Spanisch Grundwortschatz</marc:subfield>
   </marc:datafield>
   <marc:datafield ind1="0" ind2="0" tag="245">
      <marc:subfield code="c">Mario Martín Gijón</marc:subfield>
   </marc:datafield>
   <marc:datafield ind1=" " ind2="1" tag="264">
      <marc:subfield code="a">München</marc:subfield>
      <marc:subfield code="b">Compact-Verl.</marc:subfield>
      <marc:subfield code="c">2008</marc:subfield>
   </marc:datafield>
   <marc:datafield ind1="1" ind2=" " tag="490">
      <marc:subfield code="a">Lernthriller Spanisch</marc:subfield>
   </marc:datafield>
   <marc:datafield ind1="1" ind2=" " tag="520">
      <marc:subfield code="a">Angaben aus der Verlagsmeldung

Lernthriller Spanisch: In den Krallen von El Tigre : Lernziel Spanisch Grundwortschatz. Für mittleres Sprachniveau (ab B1) / von Mario M Gijón

Mit zahlreichen Übungen, umfangreichem Glossar und einem Abschlusstest.

Fesselnder Agententhriller und Sprachtraining in einem! Durch die Lektüre des Lernthrillers werden Spanischkenntnisse angewandt und vertieft. Unterschiedliche, in den Text integrierte Übungsformen, wie z.B. Lückentext, Multiple Choice, Rätsel oder Umform-Aufgaben werden passend zum Inhalt und Lernziel aufbereitet. Die Aufgaben werden vom Leser selbst bearbeitet und die Lösungen direkt ins Buch eingetragen. Die Übungsanweisungen sind in deutscher Sprache verfasst. Im hinteren Teil des Buches befinden sich die Lösungen, ein umfangreiches Glossar und ein Abschlusstest, der dem Lernenden Aufschluss über seinen sprachlichen Fortschritt gibt. Das Buch ist konzipiert für mittleres Sprachniveau (Niveau B1 des Gemeinsamen Europäischen Referenzrahmens).
</marc:subfield>
   </marc:datafield>
   <marc:datafield ind1=" " ind2=" " tag="020">
      <marc:subfield code="a">9783817477852</marc:subfield>
      <marc:subfield code="9">9783817477852</marc:subfield>
   </marc:datafield>
   <marc:datafield ind1=" " ind2=" " tag="041">
      <marc:subfield code="a">spa</marc:subfield>
   </marc:datafield>
   <marc:datafield ind1=" " ind2=" " tag="300">
      <marc:subfield code="a">159 S.</marc:subfield>
   </marc:datafield>
</marc:record>
